Years of renewal / (Record no. 15949)

000 -LEADER
fixed length control field 01355nam a2200205 a 4500
001 - CONTROL NUMBER
control field ASIN075675383X
005 - DATE AND TIME OF LATEST TRANSACTION
control field 20170105102928.0
008 - FIXED-LENGTH DATA ELEMENTS--GENERAL INFORMATION
fixed length control field 131216s1999 xxu eng d
020 ## - INTERNATIONAL STANDARD BOOK NUMBER
International Standard Book Number 075675383X (paperback)
Terms of availability $15.00
020 ## - INTERNATIONAL STANDARD BOOK NUMBER
International Standard Book Number 9780756753832 (paperback)
040 ## - CATALOGING SOURCE
Original cataloging agency 0
082 ## - DEWEY DECIMAL CLASSIFICATION NUMBER
Classification number 973.9240
Author Mark KIS 2012
100 1# - MAIN ENTRY--PERSONAL NAME
Personal name Kissinger, Henry.
245 10 - TITLE STATEMENT
Title Years of renewal /
Statement of responsibility, etc. Henry Kissinger.
260 ## - PUBLICATION, DISTRIBUTION, ETC.
Place of publication, distribution, etc. [S.l.] :
Name of publisher, distributor, etc. Simon & Schuster, Inc.,
Date of publication, distribution, etc. 1999.
300 ## - PHYSICAL DESCRIPTION
Extent 1151 p. ;
Dimensions 24 cm.
520 ## - SUMMARY, ETC.
Summary, etc. The third & final volume of the memoirs of former Sec. of State Henry Kissinger. Begins with the resignation of Nixon -- including Kissinger's assessment of Nixon's tortured personality & the self-inflicted tragedy that ended his presidency & made Kissinger, for a time, the most powerful man in American government. Then takes the reader through the years of Ford's administration, in which Kissinger continued to play a decisive role. Details the agony of the final U.S. extrication from Vietnam & takes us inside the White House to show our leaders in a time of crisis. He recounts the many major decisions & crises that he had to deal with. He provides intimate & candid portraits of world leaders, from Mao Zedong to Leonid Brezhnev.
856 40 - ELECTRONIC LOCATION AND ACCESS
Materials specified Amazon.com
Uniform Resource Identifier <a href="http://www.amazon.com/exec/obidos/ASIN/075675383X/chopaconline-20">http://www.amazon.com/exec/obidos/ASIN/075675383X/chopaconline-20</a>
942 ## - ADDED ENTRY ELEMENTS (KOHA)
Source of classification or shelving scheme
Koha item type Book
Holdings
Withdrawn status Lost status Damaged status Not for loan Collection code Permanent Location Current Location Shelving location Date acquired Total Checkouts Full call number Barcode Date last seen Price effective from Koha item type
          Centre for International Peace & Stability (CIPS) Centre for International Peace & Stability (CIPS) General Stacks 10/02/2013   973.9240 KIS 2012 CIPS0002018 12/17/2013 12/17/2013 Book
© 2023 Central Library, National University of Sciences and Technology. All Rights Reserved.